Artificial reef evaluation : with application to natural marine habitats
Αποθηκεύτηκε σε:
| Άλλοι συγγραφείς: | |
|---|---|
| Μορφή: | Βιβλίο |
| Γλώσσα: | English |
| Δημοσίευση: |
Boca Raton :
CRC Press,
c2000
|
| Σειρά: | Marine science series
|
| Θέματα: | |
| Ετικέτες: |
Προσθήκη ετικέτας
Δεν υπάρχουν, Καταχωρήστε ετικέτα πρώτοι!
|
MARC
| LEADER | 00000nam a2200000 i 4500 | ||
|---|---|---|---|
| 001 | 1/96167 | ||
| 008 | 081029s2000 eng d | ||
| 020 | |a 0-8493-9061-3 | ||
| 035 | |l 10101222 | ||
| 040 | |a GR-MY-UA |b gre |e aacr | ||
| 041 | 0 | |a eng | |
| 082 | 0 | |a 639.92 |2 (22) | |
| 245 | 1 | 0 | |a Artificial reef evaluation : |b with application to natural marine habitats / |c edited by William Seaman, Jr. |
| 260 | |a Boca Raton : |b CRC Press, |c c2000 | ||
| 300 | |a 246 σ.; |b εικ., 1 χάρτης; |c 26 εκ. | ||
| 490 | 1 | |a Marine science series | |
| 504 | |a Περιέχει βιβλιογραφικές παραπομπές και ευρετήριο | ||
| 650 | 0 | 0 | |a Artificial reefs. |
| 700 | 1 | |a Seaman, William |d 1945- |4 edt | |
| 830 | 0 | |a Marine science series | |
| 852 | |a INST |b LESVOS |e 20081029 |h 639.92 ART |p 005100043319 |q 005100043319 |t BK |y 0 | ||
| 852 | |a INST |b LESVOS |e 20081216 |h 639.92 ART |p 005100043706 |q 005100043706 |t BK |y 0 | ||
| 901 | |a BIBL1-2008-3 | ||
| 909 | |a Λ |b 144313 | ||
| 909 | |a Λ |b 157556 | ||
| 920 | |a ΕΠΕΑΕΚ ΠΜΣ ΔΙΑΧΕΙΡΙΣΗ ΠΑΡΑΚΤΙΩΝ ΠΕΡΙΟΧΩΝ |y ΛΕΣΒΟΣ |z 2008-12 | ||
| 922 | |a 1ΕΛΗ |b 200801 |c ΕΠΕΑΕΚ2/ΤΕΘ |d ΠΑΠΑΣΩΤΗΡΙΟΥ | ||
| 970 | |a ΚΑΡΑ |b ΓΙΑΣΕΜΗ |z 2008/10/29 | ||